000 00488nam a22001577a 4500
999 _c62695
_d62695
005 20250123172950.0
008 250123s2016 ru ||||| |||| 00| 0 rus d
020 _a9785905641305x
041 _arus
080 _a77 Ч-45
100 _aЧернышев, Дмитрий
_924102
245 _aКак люди видят /
_cДмитрий Чернышев.
264 _aМосква:
_bБиблос,
_c2016.
300 _a156 стр.:
_bилл.;
_c30 см.
942 _2udc
_cᲬᲘᲒᲜᲘ